Komparácia podnikateľského prostredia v Slovenskej republike a Rakúskej republike diplomová práca

Guardado en:
Detalles Bibliográficos
Autor principal: Šarlina, Igor
Autor Corporativo: Fakulta podnikového manažmentu EU. Katedra podnikovohospodárska
Otros Autores: Rybárová, Daniela, 1967-
Formato: Libro
Lenguaje:eslovaco
Publicado: Bratislava 2019
Etiquetas: Agregar Etiqueta
Sin Etiquetas, Sea el primero en etiquetar este registro!

MARC

LEADER 00000nbm a2200000 4500
001 0255571
005 20191126143431.3
041 0 |a slo 
044 |a SK 
245 1 0 |a Komparácia podnikateľského prostredia v Slovenskej republike a Rakúskej republike  |b diplomová práca  |c Igor Šarlina ; školiteľ: Daniela Rybárová 
264 1 |a Bratislava  |c 2019 
300 |a 65 s. 
100 1 |a Šarlina, Igor 
700 1 |a Rybárová, Daniela, 1967- 
710 2 |a Fakulta podnikového manažmentu EU. Katedra podnikovohospodárska